Quizzes
Events
Quiz Creation
Community
Videos
Private Events
Remove Ads
Sign In
Join for FREE
Feedback
Dark Mode
Quiz Categories
Sports
Geography
Music
Movies
Television
Just For Fun
Miscellaneous
History
Literature
Language
Science
Gaming
Entertainment
Religion
Holiday
For Kids
Quiz Lab
Recent
Popular Today
Quiz Kudos Today
Editor Picks
Curator Picks
Quizzes by...
Day
Popularity
Type
Ratings
Length
Year
Community
Subscriptions
Recent Discussions
Orange Saloon
Badges
Playlists
Quests
Create
Leaderboards
Showdown
Live 5
Trivia Bingo
Activity
Puzzle Library
Sporcle Events
Private Events
Virtual Trivia
Globe League
Become a Host
Pub Owners
SporcleCon
Opinionation
Our Games
Videos
Blog
Mobile Apps
Partnerships
Remove Ads and Go Orange
Feedback
Music
Pop Music
The Beatles
Song
Album
Lyrics
Bands
Singers
Artist
Clip
Rock
Rap
Classical
Billboard
Country Music
Kpop
Taylor Swift
Music
Pop Music
The Beatles
Song
Album
Lyrics
Bands
Singers
Artist
Clip
Rock
Rap
Classical
Billboard
Country Music
Kpop
Taylor Swift
Random Quiz
Search Sporcle
×
Quiz Lab
Quiz Lab
Music
Bands
Type in answers that appear in a list
Type in answers that appear in a list
Classic
Best Score? Go Orange.
Dave Matthews Band - Live Album Locations Stats
Can you name the Dave Matthews Band Live Album Locations?
By
pphurley
7m
34 Questions
363 Plays
363 Plays
363 Plays
Comments
Comments
Give Quiz Kudos
Give Quiz Kudos
-
- Ratings
hide this ad
Replay
Link that replays current quiz
Next Quiz
Link to next quiz in quiz playlist
You Got
0%
They Got
Avg Score
47%
Avg Friend Score
Upgrade to see
Score Distribution
Jump to the score distribution portion of the page
Score
0/34
Timer
07:00
0
Plays Today
Album
City
% Correct
The Central Park Concert
New York
98.1%
DMBLive -
China Club
New York
98.1%
DMBLive -
Irving Plaza
New York
98.1%
Live in Chicago 12.19.98
Chicago
87.6%
Live at Mile High Music Festival
Denver
84%
Live at Piedmont Park
Atlanta
73.8%
Live Trax -
Volume 6
Boston
67.7%
Live at Folsom Field
Boulder
65.5%
Live Trax -
Volume 2
San Francisco
59.4%
DMBLive -
Warfield Theatre
San Francisco
59.4%
DMBLive -
Benaroya Hall
Seattle
54.4%
The Gorge
George
52.8%
Live Trax -
Volume 13
St. Louis
51.7%
Live Trax -
Volume 9
Las Vegas
49.4%
DMBLive -
Prism Coffeehouse
Charlottesville
47.2%
Live Trax -
Volume 8
East Troy
41.4%
Live Trax -
Volume 15
East Troy
41.4%
Album
City
% Correct
Live at Red Rocks 8.15.95
Morrison
39%
Weekend on the Rocks
Morrison
39%
Live Trax -
Volume 4
Richmond
37.8%
Listener Supported
East Rutherford
36.7%
Live Trax -
Volume 11
Saratoga Springs
36.2%
Live Trax -
Volume 3
Hartford
36.2%
Live Trax -
Volume 1
Worcester
32%
Live Trax -
Volume 16
Cincinnati
31.8%
Live Trax -
Volume 10
Lisbon
30.1%
Live Trax -
Volume 7
Hampton
27.6%
DMBLive -
The Bayou
Washington D.C.
24.3%
Live Trax -
Volume 14
Bristow
22.7%
Live Trax -
Volume 12
Salem
17.4%
Live at Luther College
Decorah
17.4%
DMBLive -
Town Point Park
Norfolk
14.4%
Live Trax -
Volume 5
Rochester Hills
13.3%
DMBLive -
Blue Note
Columbia
12.2%
Quiz Playlist
Details
Report
Send in Message
Add To Playlist
Classic:
Type in answers that appear in a list
Quiz Source
Last Updated: Apr 30, 2017
Quiz Scoreboard
CHALLENGE
Sign Up to Join the Scoreboard
Show All
Scores
Hide
Comments
May contain spoilers
Recently Published
Popular People in 1961
by mucciniale
History
6m
1-10 Letter E Words III
by El_Dandy
Language
2m
One Thing in Common: World Cities II
by knightlancer
Geography
7m
More to Explore
Quiz From the Vault
Featured Blog Post
Where Did the Easter Bunny Come From?
hide this ad
You Might Also Like...
Tags
Album Quiz
Bands Quiz
City Quiz
date
Dave
Dave Matthews
Live
location
Matthew
Today's Top Quizzes in Music
Browse Music
hide this ad
Today's Top Quizzes in Bands
Browse Bands
Top Contributed Quizzes in Music
1
Taylor Swift All Songs (2024)
2
2010s Album by Cover III
3
Taylor Swift Logic Puzzle
4
One Thing in Common: Music
5
Guess the Artist- 70s Songs
6
Guess the Taylor Swift song (Mystery Song)
7
2010s Album by Cover V
8
2010s Album by Cover IV
9
Lana Del Rey Discography (BTD to DYKTTATUOB)
10
KPOP LOGIC QUIZ
Explore More
Trending Topics
NBA
Crossword
Harry Potter
Kpop
Disney
Marvel
Anime
WWE
Puzzle
Song
The Office
Pokémon
Country
Soccer
NFL
hide this ad
More By:
pphurley
Quiz
Plays
Rating
Category
Featured
Created
Dave Matthews Band - Live Album Locations
363
3.50
Music
Sep 24, 2009
Go to Creator's Profile
Score Distribution
Quiz Creator Spotlight
pphurley
Follow
Send a Message
Quizzes Created
-
Created Quiz Play Count
-
More By This Creator
Popular Quizzes Today
1
Find the US States - No Outlines Minefield
2
The Countries of the World
3
Find the Countries of Europe - No Outlines Minefield
4
Popular People in 1961
5
1-10 Letter E Words III
6
Find the US States
7
One Thing in Common: World Cities II
8
US States
More Music Quizzes
The Weeknd - Dawn FM (Tracklist)
Quiz Lab
Trending Quizzes
Risky Map Clicking: Least Populous States A-Z
1-10 Letter F Words
1-10 Letter G Words
One Thing in Common: United Kingdom
Risky Map Clicking: Next State Alphabetically
Recently Updated
Leaping Animals
pecheneg
Reality TV Shows (A-Z)
bhenderson79
Rickey Henderson's Hall of Fame Teammates
pecheneg
Champions League XIs: Arsenal
pecheneg
Quick Pick: Celebrities in WWE's Hall of Fame
aduchscher
A-Z Keypad Blitz II
pecheneg
Multiple Oscar Actors
pecheneg
Mystery Phrase Blitz: Oscar 'Best Actors'
pecheneg
F. Scott Fitzgerald Novels
LTH
Pick 3 Villains
ddd62291
Trending Topics
Disney
Kpop
Harry Potter
Anime
Crossword
NBA
Marvel
Country
Song
Pokémon
NFL
The Office
Soccer
WWE
Puzzle
Your Account Isn't Verified!
In order to create a playlist on Sporcle, you need to verify the email address you used during registration. Go to your
Sporcle Settings
to finish the process.
Report this User
Report this user for behavior that violates our
Community Guidelines
.
Details:
Send Report
Go to the Sporcle.com Mobile Site →
Comments